Normal view
MARC view
Entry Topical Term
001 - CONTROL NUMBER
- control field: 55517
003 - CONTROL NUMBER IDENTIFIER
- control field: OSt
005 - DATE AND TIME OF LATEST TRANSACTION
- control field: 20241203151414.0
008 - FIXED-LENGTH DATA ELEMENTS
- fixed length control field: 241203|| aca||aabn | a|a d
040 ## - CATALOGING SOURCE
- Original cataloging agency: OSt
- Transcribing agency: OSt
150 ## - HEADING--TOPICAL TERM
- Topical term or geographic name entry element: မျိုးနွယ်စု၊
- General subdivision: သမိုင်းကြောင်း။
670 ## - SOURCE DATA FOUND
- Source citation: Work cat.: (OSt)16806: ဆန္ဒ၊ မောင် (လယ်ဝေး) 17392, ကမန်မျိုးနွယ်စုသမိုင်း၊, ၂၀၀၅။